000113989 001__ 113989
000113989 005__ 20220606143305.0
000113989 037__ $$aGDOC-2021-27222
000113989 041__ $$aspa
000113989 041__ $$aeng
000113989 100__ $$0(orcid)0000-0001-9897-6527$$1326791$$aMaría Pilar Pina, Iritia
000113989 24500 $$927222$$aProcesos, higiene y seguridad en la industria química
000113989 24200 $$927222$$aChemical Industry: Processes, Hygiene and Safety
000113989 260__ $$aZaragoza$$bUniversidad de Zaragoza$$c2021-2022
000113989 521__ $$9127$$aGraduado en Química$$bDegree in Chemistry
000113989 540__ $$aby-nc-sa$$bCreative Commons$$c3.0$$uhttp://creativecommons.org/licenses/by-nc-sa/3.0/
000113989 700__ $$0(orcid)0000-0002-8701-9745$$1388093$$aJesús Marcos Santamaría, Ramiro
000113989 700__ $$0(orcid)0000-0001-9022-2835$$1332483$$aJaime Soler, Herrero
000113989 830__ $$9452
000113989 8564_ $$s12310$$uhttps://zaguan.unizar.es/record/113989/files/guia-27222-en.pdf$$yGuide (english)
000113989 8564_ $$s15642$$uhttps://zaguan.unizar.es/record/113989/files/guia-27222-es.pdf$$yGuía (idioma español)
000113989 970__ $$aGDOC-2021-27222
000113989 980__ $$aGDOC$$bSciences$$bCiencias$$c100